Random Quiz IMPOSSIBLE - Statistics

General Stats
  • This quiz has been taken 11 times
  • The average score is 17 of 45
Answer Stats
Question Tile Select % Correct
How many wheels does this car have No
78%
How many wheels does this car have No
67%
How many wheels does this car have No
67%
How many wheels does this car have No
67%
How many floors does this house have No
67%
How many wheels does this car have No
56%
How many floors does this house have No
56%
How many floors does this house have No
56%
How many floors does this house have Yes
56%
How many floors does this house have No
56%
Where is this plane going?? Hint: Dont ask me ask the pilot No
56%
Where is this plane going?? Hint: Dont ask me ask the pilot No
56%
How tall is are the trees here No
56%
How tall is are the trees here No
56%
What is this car ????? No
44%
What is this car ????? No
44%
What is this car ????? No
44%
What is this car ????? No
44%
How many wheels does this car have No
44%
How many floors does this house have No
44%
Where is this plane going?? Hint: Dont ask me ask the pilot No
44%
Where is this plane going?? Hint: Dont ask me ask the pilot No
44%
How tall is are the trees here No
44%
What is this car ????? No
33%
What is this car ????? Yes
33%
How many wheels does this car have Yes
33%
How many wheels does this car have Yes
33%
How many wheels does this car have Yes
33%
How many floors does this house have Yes
33%
How many floors does this house have No
33%
Where is this plane going?? Hint: Dont ask me ask the pilot No
33%
How tall is are the trees here No
33%
How tall is are the trees here No
33%
What is this car ????? Yes
22%
What is this car ????? Yes
22%
Where is this plane going?? Hint: Dont ask me ask the pilot No
22%
Where is this plane going?? Hint: Dont ask me ask the pilot Yes
22%
How tall is are the trees here Yes
22%
What is this car ????? Yes
11%
How many floors does this house have Yes
11%
How tall is are the trees here Yes
11%
Where is this plane going?? Hint: Dont ask me ask the pilot Yes
0%
Where is this plane going?? Hint: Dont ask me ask the pilot Yes
0%
How tall is are the trees here Yes
0%
How tall is are the trees here Yes
0%
No matching quizzes found
Score Distribution
Percent of People with Each Score
Percentile by Number Answered
Your Score History
You have not taken this quiz